000 00676nam a2200241Ia 4500
003 OSt
005 20220925194228.0
006 a|||||r|||| 00| 0
007 ta
008 220923b |||||||| |||| 00| 0 eng d
037 _cGeneral Book
040 _aRTL
_cRTL
_beng
041 _2eng
_aeng
082 _aX93.52.N6, K7
100 _aPosner M. V.
_9250675
245 0 _aItalian public enterprise
260 _aCambridge
_bHarvard University Press
_c1967
300 _axi, 160p.
_ccm.
650 _aPublic Sector Economics
700 _a Woolf S. J.
942 _hX93.52.N6, K7
_cGB
_2CC
999 _c528692
_d528692